000 01009nam a22002417a 4500
005 20240530110929.0
008 220214s2007 ua g 000 p ara d
017 _bمصر. دار الكتب
_a2006/24621
020 _a9772159368
040 _aEG-CaGPL
_cEG-CaGPL
082 0 4 _221
_a811.9 /
_bض م
100 0 _aضيف الله هلال العتيبى
245 1 2 _aالمتنبى فى الدراسات الادبية الحديثة فى مصر /
_cضيف الله هلال العتيبى
_nالجزء الاول :
_pقضايا التاريخ الادبى
_nالجزء الثانى :
_pقضايا النقد الادبى
250 _aط. 1
260 _aالقاهرة :
_bدار غريب للطباعة والنشر والتوزيع،
_c2007
300 _a430 ص. ؛
_c24 سم
650 0 7 _2qrmak
_aالشعر العربى
650 0 7 _2qrmak
_aالمتنبى
650 0 7 _2qrmak
_aالنقد الادبى
651 _2qrmak
942 _2ddc
_cBK
999 _c66623
_d66623